LEADER 00998nam a2200217 i 4500 001 000000031082 003 CaOOAMICUS 005 20180830125449.0 008 180830s1895 it u000 u ita u 040 $aSeMil$bita 245 13$aIl Congresso eucaristico di Milano :$bdecimoterzo nella serie /$ca cura della Presidenza del Comitato centrale pel congresso suddetto. 260 $aMilano :$bTipografia Pontificia S. Giuseppe,$c1895-1896. 300 $a3 v. ;$c26 cm. 500 $aLegati insieme i 3 vol. 650 4$aCongressi eucaristici - Milano - 1895.$0(OLS)http://semarc/subject/4967 700 1 $aComitato esecutivo del Congresso Eucaristico Diocesano.$0(OLS)http://semarc/name/14370 774 0 $tParte 1.$g1$w()61315 774 0 $tParte 2.$g2$w()236615 774 0 $tParte 3.$g3$w()236616 996 $6245$aIl Congresso eucaristico di Milano :$bdecimoterzo nella serie$9(OLS)http://semarc/title/42308 996 $6260$aMilano :$bTipografia Pontificia S. Giuseppe$9(OLS)http://semarc/publisher/30602 LEADER 01272nam a2200265 i 4500 001 000000192847 003 CaOOAMICUS 005 20150921000000.0 008 150921s2009 it u000 u ita u 013 $a171481 020 $a978-88-209-8283-6 040 $aSeMil$bita 100 1 $aDel Genio, Maria Rosaria.$0(OLS)http://semarc/name/2626 245 10$a«Carissimo Dio Padre...» :$bAntonietta Meo-Nennolina e le sue letterine /$cMaria Rosaria Del Genio. 250 $a2. edizione riveduta e integrata. 260 $aCittą del Vaticano :$bLibreria Editrice Vaticana,$c2009. 300 $a211 p. ;$c21 cm. 500 $aIn appendice : Appunti su aspetti psicologici della religiositą dei bambini ; Testimonianze autorevoli. 600 14$aMeo, Antonietta .$0(OLS)http://semarc/subject/36269 850 $aSeMil 852 $aSeMil$W1$xVenegono$y1$m3J VI 279$j143421$B143421$CSeMilBibl$Z2$F154874 $81 961 $aOmaggio: Perego don Stefano 996 $6020$a978-88-209-8283-6$9(OLS)http://semarc/number/184161 996 $6245$a«Carissimo Dio Padre...» :$bAntonietta Meo-Nennolina e le sue letterine$9(OLS)http://semarc/title/277988 996 $6260$aCittą del Vaticano :$bLibreria Editrice Vaticana$9(OLS)http://semarc/publisher/29734